000 01191cam a2200289 a 4500
001 000013003
003 DO-SdBNP
005 20250912141152.0
008 850321s1984 ve b b f001 0 spa d
040 _aDO-SdBNP
_cDLC
_dDLC
_dBNPHU
043 _as-ve
049 _aBNGR
082 _a364.133
_bA663c
100 1 _aArauz Monfante, Celestino Andrés,
_d1950-
_929978
245 1 3 _aEl contrabando holandés en el Caribe durante la primera mitad del siglo xviii /
_cCelestino Andrés Arauz Monfante.
260 _aCaracas :
_bAcademia Nacional de la Historia,
_c1984.
300 _av. :
_bmapas ;
_c23 cm.
490 1 _aBiblioteca de la Academia Nacional de la Historia
_v168-169
500 _aIncluye índice
504 _aIncluye notas y referencias bibliográficas al pie de las páginas
650 4 _aContrabando
_zCaribe (Región)
_xHistoria
_ySiglo XVIII.
_929979
651 4 _aPaises Bajos
_xComercio
_zCaribe (Región)
_xHistoria
_ySiglo XVIII.
_929980
651 0 _aCaribe (Región)
_xComercio
_zPaises Bajos
_xHistoria
_ySiglo XVIII.
_987401
830 0 _aBiblioteca de la Academia Nacional de la Historia ;
_v168-169
_929982
910 _aCatalogación derivada
942 _2ddc
_cLBS1
999 _c12650
_d12650